Statistiques concernant Les 20 préfectures les plus proches de Saint-Denis (Réunion)

Cliquez ici pour prendre le quiz!

Statistiques générales

  • Ce quiz a été pris 69 fois
  • Le résultat moyen est 17 sur 20

Statistiques - réponses

distance (en km)ville préfecture% Correct
8 899Montpellier
100%
8 786Marseille
97%
8 707Nice
96%
8 740Toulon
96%
8 483Ajaccio
91%
8 504Bastia
91%
8 869Avignon
90%
8 887Nimes
90%
8 842Gap
87%
8 891Perpignan
87%
1413Mamoudzou
85%
8 962Carcassonne
84%
8 797Digne les bains
82%
8 939Valence
78%
8 909Grenoble
76%
8 943Annecy
75%
8 929Chambery
72%
8 941Privas
70%
8 990Foix
66%
8 989Mende
61%

Distribution des résultats

Percentile par nombre de réponses

% des personnes avec chaque résultat

Votre développement - résultats

Vous n’avez pas pris ce quiz